[Event "World Team-ch Open 2019"]
[Site "Astana"]
[Date "2019.03.06"]
[Round "2.10"]
[White "McShane, Luke J"]
[Black "Mamedov, Rauf"]
[Result "1-0"]
[WhiteElo "2661"]
[BlackElo "2701"]
[Annotator "TA"]
[PlyCount "101"]
[EventDate "2019.02.05"]
[EventType "team-tourn"]
[EventCountry "KAZ"]
[SourceTitle "playchess.com"]
[Source "ChessBase"]
[SourceQuality "1"]
[WhiteTeam "England"]
[BlackTeam "Azerbaijan"]
[WhiteTeamCountry "ENG"]
[BlackTeamCountry "AZE"]

{[%evp 29,101,2,79,85,81,83,66,59,73,70,76,62,74,53,63,49,76,63,104,56,75,75,87,86,59,15,18,8,23,32,8,10,34,39,140,105,98,44,44,45,45,45,45,77,200,93,96,92,85,93,85,107,192,165,192,186,600,590,554,554,3056,3062,3047,2235,1550,1427,29964,29964,29960,29962,29973,29973,29946,29941]} 1. e4 c5 2. Nf3 Nc6 3. d4 cxd4 4. Nxd4 Nf6 5. Nc3 e5 6. Ndb5 d6 7. Bg5 a6 8. Na3 b5 9. Nd5 Be7 10. Bxf6 Bxf6 11. c4 b4 {B33: Sicilian: Pelikan and Sveshnikov Variations} 12. Nc2 O-O (12... a5 13. g3 {½-½ (13) Nepomniachtchi,I (2763)-Carlsen,M (2835) St Petersburg 2018}) 13. g3 Bg5 14. h4 Bh6 15. Bh3 a5 {LiveBook: 3 Games} (15... Be6 $11) 16. Bxc8 $16 Rxc8 17. b3 Kh8 $146 ({Predecessor:} 17... Ne7 18. Nce3 Bxe3 19. Nxe3 f5 20. exf5 Nxf5 21. Nxf5 Rxf5 {1-0 (52) Vachier Lagrave,M (2573)-Polytech. Lille I (2158) Neuilly 2007}) 18. Qe2 Qe8 19. Rd1 {[%cal Ba1d1,Bd1d3,Bd3h3][%mdl 32]} Qe6 20. Kf1 g6 21. h5 Kg7 22. Rd3 f5 $1 23. hxg6 Qxg6 24. exf5 Rxf5 25. g4 Rf7 26. Rdh3 Rcf8 27. R1h2 Bg5 28. Rxh7+ Qxh7 29. Rxh7+ Kxh7 30. Kg2 Kg7 31. f3 Nd4 ({Black should play} 31... Bh4 $14) 32. Nxd4 exd4 {[#]} 33. Qe4 (33. c5 $1 $16 {[%cal Rc5c6] Threatens to win with c6.} d3 34. Qxd3 dxc5 35. Qe4 Rxf3 36. Qxf3 Rxf3 37. Kxf3) 33... Rxf3 $14 34. Qxd4+ Kh6 35. Qe4 Rf2+ 36. Kg3 {Strongly threatening Ne3.} Rxa2 {[#]} (36... Rf1 $16 {was worth a try.}) 37. Ne7 (37. c5 $1 $18 {is the precise move to win.}) 37... Bxe7 $16 38. Qxe7 {[%mdl 4096] Endgame KQ-KRR} Raf2 {( -> ...R8f3+)} 39. Qxd6+ R8f6 40. Qe5 Kg6 (40... R6f3+ $16 41. Kh4 a4) 41. c5 {Qe4+ is the strong threat.} R2f3+ 42. Kh4 Kf7 $2 (42... Rc3 43. g5 Rf1 44. Qe6+ Kh7 45. Qd7+ Kg6 46. Qd6+ Kf7 47. Qd5+ Kg7 48. Qd4+ Kg6) 43. Qc7+ $18 Kg6 44. Qxa5 Rxb3 {If Black can now play ...Rb2 this consolidates a bit.} 45. Qa2 Rff3 46. Qa6+ Kg7 47. Kg5 Rbe3 48. Qg6+ {White mates.} Kf8 49. Qd6+ Re7 50. c6 {[%cal Bc5c6,Bc6c7][%mdl 32]} Ke8 51. c7 {Precision: White = 80%, Black = 36%.} 1-0

[Event "World Team-ch Open 2019"]
[Site "Astana"]
[Date "2019.03.06"]
[Round "2.11"]
[White "Guseinov, Gadir"]
[Black "Howell, David W L"]
[Result "1/2-1/2"]
[WhiteElo "2664"]
[BlackElo "2693"]
[Annotator "TA"]
[PlyCount "47"]
[EventDate "2019.02.05"]
[EventType "team-tourn"]
[EventCountry "KAZ"]
[SourceTitle "playchess.com"]
[Source "ChessBase"]
[SourceQuality "1"]
[WhiteTeam "Azerbaijan"]
[BlackTeam "England"]
[WhiteTeamCountry "AZE"]
[BlackTeamCountry "ENG"]

{[%evp 24,47,14,21,41,20,19,25,47,48,69,39,45,4,27,31,32,8,12,0,30,0,12,0,36,0]} 1. e4 e5 2. Nf3 Nc6 3. Bb5 Nf6 4. O-O Nxe4 5. d4 Nd6 6. Bxc6 dxc6 7. dxe5 Nf5 8. Qxd8+ Kxd8 9. h3 Ne7 10. Rd1+ Ke8 11. Nc3 Ng6 12. b3 {C67: Ruy Lopez: Berlin Defence: 4 0-0 Nxe4} (12. Nd4 Bd7 13. f4 Rd8 14. Be3 h5 15. Rd2 Be7 16. Rad1 a6 17. Ne4 Nh4 18. Bf2 Ng6 19. Bg3 h4 {1-0 (76) Vachier Lagrave,M (2794)-Howell,D (2698) Germany 2018}) 12... Be7 13. Ne4 {LiveBook: 3 Games} f6 14. Bb2 {[%cal Re5f6]} Kf7 15. Re1 h5 $146 ({Predecessor:} 15... a5 16. a4 Rd8 17. exf6 gxf6 18. Ng3 Rd5 19. c4 Rd8 {½-½ (53) Cernovsky,K (2344)-Nowak,I (2298) ICCF email 2013}) 16. Re3 h4 17. Rae1 {[#] Black must now prevent exf6.} Rh5 18. c4 b6 19. exf6 gxf6 20. Rd1 Be6 21. Rde1 Bd7 22. Rd1 Be6 23. Rde1 {[#] aiming for Bxf6!} Bd7 24. Rd1 {Precision: White = 32%, Black = 54%.} 1/2-1/2

[Event "World Team-ch Open 2019"]
[Site "Astana"]
[Date "2019.03.06"]
[Round "2.12"]
[White "Jones, Gawain C B"]
[Black "Safarli, Eltaj"]
[Result "1-0"]
[WhiteElo "2681"]
[BlackElo "2662"]
[Annotator "TA"]
[PlyCount "131"]
[EventDate "2019.02.05"]
[EventType "team-tourn"]
[EventCountry "KAZ"]
[SourceTitle "playchess.com"]
[Source "ChessBase"]
[SourceQuality "1"]
[WhiteTeam "England"]
[BlackTeam "Azerbaijan"]
[WhiteTeamCountry "ENG"]
[BlackTeamCountry "AZE"]

{[%evp 24,131,58,67,55,36,37,50,38,37,42,29,47,42,52,27,22,27,35,33,64,57,68,70,68,36,64,64,69,69,205,118,123,105,105,106,119,80,95,90,80,33,200,55,191,202,201,160,166,160,170,170,170,166,170,170,234,247,302,302,570,643,611,480,596,539,431,213,429,359,429,359,305,145,199,195,302,287,651,462,651,582,582,575,575,540,531,528,528,500,484,484,462,462,530,508,816,799,645,637,1098,1199,776,701,2112,1556,29978,29979,29980,29981]} 1. Nf3 Nf6 2. c4 e6 3. g3 d5 4. Bg2 Be7 5. O-O O-O 6. b3 c5 7. cxd5 Nxd5 8. Bb2 Nc6 9. d4 cxd4 10. Nxd4 Nxd4 11. Qxd4 Bf6 {A14: English Opening: 1...e6 with b3 by White} 12. Qd2 Bxb2 (12... Nf4 13. gxf4 Qxd2 14. Nxd2 Bxb2 15. Rab1 Bf6 16. Rbc1 Rd8 17. Ne4 Be7 18. Rc7 Kf8 19. Rfc1 {1-0 (49) Kramnik,V (2792)-Mamedyarov,S (2808) Paris 2018}) 13. Qxb2 {LiveBook: 5 Games} Rb8 {White is slightly better.} 14. Rd1 Qf6 $1 {[%cal Rf6b2] [#]} 15. Qd4 $146 ({Predecessor:} 15. Qxf6 Nxf6 16. Na3 b5 17. Rac1 Bb7 18. Bxb7 Rxb7 19. Rc5 {½-½ (70) Pantsulaia,L (2607)-Ter Sahakyan,S (2480) Martuni 2008}) 15... Qxd4 16. Rxd4 Nf6 17. Na3 b6 18. Nb5 a5 19. Rad1 Ba6 20. a4 e5 21. Rd6 Bxb5 22. axb5 e4 23. Rc6 h5 24. e3 Rfd8 25. Rxd8+ Rxd8 26. Rxb6 $14 {[%mdl 4096] Endgame Bf1 is the strong threat. KRB-KRN} Rd1+ 27. Bf1 Rb1 28. Ra6 Rxb3 29. Rxa5 Ng4 30. Ra4 Rb2 31. Rxe4 Nxf2 32. Re5 {Threatens to win with b6.} Ng4 $2 ({Black should play} 32... f6 $1 $14 33. Rxh5 Ng4) 33. Re8+ $18 ({Inferior is} 33. Rxh5 Rb1 $11) 33... Kh7 {[#]} 34. h3 $1 Nf2 35. Re5 {Hoping for b6.} Nd1 36. Rxh5+ Kg6 37. Re5 Kf6 38. Re4 g5 39. h4 Nc3 (39... Kg6 {was worth a try.} 40. Re5 f6 41. Bd3+ Kf7 42. Bc4+ Kg6) 40. Rc4 Nd1 41. Rc6+ Kg7 $2 (41... Ke7 {was necessary.} 42. Rc1 (42. hxg5 Nxe3 43. Bd3 Rb3 $16) 42... Nf2 43. Rc7+ (43. hxg5 Ne4 $18) 43... Kf6) 42. h5 f6 43. Bd3 {[#] Rc7+ would kill now.} g4 44. h6+ Kxh6 45. Rxf6+ (45. b6 $142) 45... Kg5 $2 (45... Kg7 {is a better defense.} 46. Rg6+ Kf7 47. Rxg4 Nxe3) 46. Rg6+ Kh5 47. Re6 Nf2 48. Re5+ Kh6 49. Bf5 Nh3+ (49... Kg7 $142 50. Bc8 Nd3) 50. Kf1 Kh5 $2 (50... Kg5 51. Rc5 Kf6 52. Bxg4 Ng5 53. Rf5+ Kg6) 51. Rc5 Ng5 (51... Kg5 $142 52. Ke1 Kf6 53. Bxg4 Ng5 54. Rf5+ Kg6) 52. Bc2 Kh6 53. Ke1 Nf3+ 54. Kd1 Kg7 55. Kc1 Rb4 56. Bd3 Kf6 57. Kc2 Ne5 58. Kc3 Ra4 {Black wants to play ...Ra3+.} 59. Bc2 Ra3+ (59... Ra8 $142 60. b6 Nf7) 60. Kd4 Nf3+ 61. Kd5 Rxe3 62. b6 {[%cal Bb5b6,Bb6b7][%mdl 32]} Re5+ 63. Kc4 Re2 64. Kb4 Nd4 65. b7 Nxc2+ 66. Kc3 {Precision: White = 79%, Black = 47%.} 1-0

[Event "World Team-ch Open 2019"]
[Site "Astana"]
[Date "2019.03.06"]
[Round "2.13"]
[White "Karjakin, Sergey"]
[Black "Amin, Bassem"]
[Result "1-0"]
[WhiteElo "2753"]
[BlackElo "2709"]
[Annotator "TA"]
[PlyCount "93"]
[EventDate "2019.02.05"]
[EventType "team-tourn"]
[EventCountry "KAZ"]
[SourceTitle "playchess.com"]
[Source "ChessBase"]
[SourceQuality "1"]
[WhiteTeam "Russia"]
[BlackTeam "Egypt"]
[WhiteTeamCountry "RUS"]
[BlackTeamCountry "EGY"]

{[%evp 23,93,54,68,58,75,45,77,64,80,61,80,84,110,107,117,123,125,95,139,97,100,92,138,152,146,146,163,122,126,126,105,107,147,77,83,0,139,120,178,193,187,185,160,160,173,144,397,387,476,460,439,436,560,560,560,560,560,560,560,560,560,560,560,560,560,431,560,560,1141,1141,1088,1088]} 1. d4 Nf6 2. c4 g6 3. Nc3 Bg7 4. e4 O-O 5. Nf3 d6 6. Be2 e5 7. O-O Nc6 8. d5 Ne7 9. Ne1 Nd7 10. Nd3 f5 11. f3 f4 12. Bd2 g5 13. Be1 {E99: King's Indian: Classical Main Line: 9 Ne1 Nd7 10 f3 f5} (13. Rc1 Ng6 14. c5 Nf6 15. Nb5 Rf7 16. Ba5 b6 17. cxd6 cxd6 18. Be1 g4 19. fxg4 Nxe4 20. Nb4 a6 21. Bf3 Ng3 22. Nxd6 Qxd6 23. Rc6 Qf8 24. hxg3 fxg3 25. d6 e4 {½-½ (39) Ragger,M (2689)-Nakamura,H (2787) Caleta 2016}) 13... h5 {[#]} 14. a4 $146 {[%cal Ba2a4,Ba4a5][%mdl 32]} ({Predecessor:} 14. Rc1 Ng6 15. Bf2 Nf6 16. c5 g4 17. cxd6 cxd6 18. Nb5 Rf7 19. Rc4 g3 20. hxg3 fxg3 21. Bxg3 {0-1 (40) Bubir,A (2604)-Hefka,V (2555) ICCF email 2010}) 14... Ng6 15. a5 {White is better.} Rf7 16. Bf2 Bf8 17. Nb5 a6 {[#]} 18. Na7 $1 Rxa7 19. Bxa7 Nf6 20. c5 g4 21. cxd6 Bxd6 22. Nc5 b5 23. Ne6 Bxe6 24. dxe6 Rg7 25. fxg4 hxg4 26. Bxg4 Qa8 {Threatens to win with ...Ne7.} 27. Bf2 {Hoping for Bf3.} Qxe4 28. Re1 (28. Bh3 $142) 28... Qb4 $16 29. Bf5 (29. Bh3 $16) 29... Ne7 (29... e4 $1 $11 30. Bxg6 Rxg6) 30. Qd3 ({Wrong is} 30. Rxe5 $2 Nxf5 31. Re1 (31. Rxf5 $2 Qe4 $19 {[%mdl 64] Double Attack}) 31... Ne3 $19) 30... Qxb2 (30... Nxf5 $16 31. Qxf5 Ng4) 31. Reb1 $18 {[%mdl 64] [#] Trapped Piece} e4 32. Bxe4 Qe5 33. Re1 Nxe4 34. Qxe4 Qh5 $2 {[%mdl 8192]} (34... Qxe4 $16 35. Rxe4 Kf8) 35. Rad1 Qg6 36. Bd4 {White is clearly winning.} ({Not} 36. Qa8+ Kh7 $18) 36... Qxe4 37. Rxe4 Rg5 38. Bf6 Rd5 39. Rxd5 Nxd5 40. e7 Nxf6 41. e8=Q+ Nxe8 42. Rxe8+ {KR-KB} Kf7 43. Ra8 b4 44. Kf1 Ke6 45. Ke2 Kd5 46. Rxa6 Be5 47. Ra8 {Accuracy: White = 73%, Black = 36%.} 1-0

[Event "World Team-ch Open 2019"]
[Site "Astana"]
[Date "2019.03.06"]
[Round "2.14"]
[White "Adly, Ahmed"]
[Black "Grischuk, Alexander"]
[Result "1/2-1/2"]
[WhiteElo "2611"]
[BlackElo "2771"]
[Annotator "TA"]
[PlyCount "22"]
[EventDate "2019.02.05"]
[EventType "team-tourn"]
[EventCountry "KAZ"]
[SourceTitle "playchess.com"]
[Source "ChessBase"]
[SourceQuality "1"]
[WhiteTeam "Egypt"]
[BlackTeam "Russia"]
[WhiteTeamCountry "EGY"]
[BlackTeamCountry "RUS"]

{[%evp 20,22,14,0,9]} 1. d4 Nf6 2. Nf3 g6 3. g3 Bg7 4. Bg2 d5 5. c4 c6 6. cxd5 cxd5 7. O-O O-O 8. Nc3 Ne4 9. Ng5 Nf6 $146 (9... Nxc3 10. bxc3 h6 11. Nh3 Nc6 12. Nf4 e6 13. e4 dxe4 14. Bxe4 Bd7 15. d5 exd5 16. Bxd5 Ne5 17. Bxb7 {½-½ (28) Aronian,L (2799)-Anand,V (2783) Saint Louis 2017}) 10. Nf3 Ne4 11. Ng5 {LiveBook: 30 Games. D79: Fianchetto Grünfeld: Symmetrical Variation (6 0-0 c6 7 cxd5 cxd5)} Nf6 1/2-1/2

[Event "World Team-ch Open 2019"]
[Site "Astana"]
[Date "2019.03.06"]
[Round "2.15"]
[White "Andreikin, Dmitry"]
[Black "Fawzy, Adham"]
[Result "1/2-1/2"]
[WhiteElo "2725"]
[BlackElo "2461"]
[Annotator "TA"]
[PlyCount "67"]
[EventDate "2019.02.05"]
[EventType "team-tourn"]
[EventCountry "KAZ"]
[SourceTitle "playchess.com"]
[Source "ChessBase"]
[SourceQuality "1"]
[WhiteTeam "Russia"]
[BlackTeam "Egypt"]
[WhiteTeamCountry "RUS"]
[BlackTeamCountry "EGY"]

{[%evp 19,67,62,66,68,75,46,81,69,70,72,68,50,42,53,54,48,53,37,45,37,37,37,38,38,66,35,49,22,22,20,26,20,20,23,21,21,23,17,21,0,0,0,0,0,0,-13,-10,-14,-26,-20]} 1. d4 Nf6 2. c4 e6 3. g3 d5 4. Bg2 Be7 5. Nf3 O-O 6. O-O b6 7. cxd5 Nxd5 8. e4 Nf6 9. Nc3 Bb7 10. Re1 Nbd7 {[%cal Bb8d7,Bd7f8,Bf8e6][%mdl 32]} 11. Bf4 {E17: Queen's Indian: 4 g3 Bb7 5 Bg2 Be7} c6 (11... Nh5 12. Be3 Nhf6 13. d5 exd5 14. exd5 Nc5 15. Ne5 Bd6 16. Bd4 Re8 17. b4 Ncd7 18. Nc6 Bxc6 19. dxc6 {1-0 (54) Ponkratov,P (2605)-Geivondian,A (2380) Serpukhov 2018}) 12. h4 $146 ({Predecessor:} 12. Rc1 Rc8 13. Nd2 Re8 14. Nc4 Nf8 15. Ne5 Ng6 16. Nxg6 hxg6 17. Qa4 a5 18. Red1 b5 {0-1 (46) Horvath,D (2202)-Martinovici,I (1993) Porec 2015}) 12... Re8 13. e5 {White is better.} Nd5 14. Nxd5 exd5 15. Ng5 Nf8 $1 16. Qh5 {[#] And now e6 would win.} Bxg5 17. Bxg5 Qd7 18. Be3 c5 19. f4 cxd4 20. Bxd4 Ne6 21. Rad1 Qc7 22. Rc1 Qe7 23. Qd1 Rac8 24. Rxc8 Rxc8 25. f5 Nxd4 26. Qxd4 Qc5 27. Qxc5 Rxc5 $11 {[%mdl 4096] Endgame KRB-KRB} 28. g4 Kf8 29. Bf3 Bc8 30. h5 g6 31. fxg6 fxg6 32. h6 Ke7 33. Kf2 d4 34. Kg3 {Accuracy: White = 69%, Black = 84%.} 1/2-1/2

[Event "World Team-ch Open 2019"]
[Site "Astana"]
[Date "2019.03.06"]
[Round "2.16"]
[White "Hesham, Abdelrahman"]
[Black "Artemiev, Vladislav"]
[Result "0-1"]
[WhiteElo "2450"]
[BlackElo "2736"]
[Annotator "TA"]
[PlyCount "72"]
[EventDate "2019.02.05"]
[EventType "team-tourn"]
[EventCountry "KAZ"]
[SourceTitle "playchess.com"]
[Source "ChessBase"]
[SourceQuality "1"]
[WhiteTeam "Egypt"]
[BlackTeam "Russia"]
[WhiteTeamCountry "EGY"]
[BlackTeamCountry "RUS"]

{[%evp 22,72,16,0,22,22,18,26,20,26,32,28,28,0,0,0,0,0,0,0,0,-17,-8,-31,-44,-47,-27,-54,-31,-16,33,-70,-66,-92,-78,-124,-124,-111,-118,-234,-234,-228,-227,-217,-224,-232,-222,-219,-90,-1993,-1877,-1750,-1425]} 1. d4 Nf6 2. c4 g6 3. Nf3 Bg7 4. g3 d5 5. Bg2 dxc4 6. O-O O-O 7. Na3 c3 8. bxc3 c5 9. Ne5 Nc6 10. Nxc6 bxc6 11. Nc4 Be6 12. Ne5 Bd5 {D77: Fianchetto Grünfeld: 6 0-0: Replies other than 6...c6} (12... Nd5 $5 {[%cal Rd5c3]}) (12... Nd5 13. Bd2 Bxe5 14. dxe5 Qc7 15. f4 Rfd8 16. Qc1 Qd7 17. e4 Nb4 18. cxb4 Qxd2 19. Qxc5 Qd4+ 20. Qxd4 Rxd4 {½-½ (50) Donchenko,A (2587)-Miton,K (2604) Brest 2018}) 13. Ba3 Bxg2 14. Kxg2 Qd5+ {White has an edge.} 15. f3 cxd4 16. cxd4 {Threatens to win with e4.} Nd7 17. Bxe7 $146 {e4 is the strong threat.} ({Predecessor:} 17. Nxd7 Qxd7 18. Rc1 Rfd8 19. e3 e5 20. dxe5 {½-½ (45) Harika,D (2391)-Koneru,H (2503) Visakhapatnam 2004}) 17... Rfe8 18. e4 Qe6 19. Nxd7 Qxe7 20. Nc5 Red8 21. Nb3 a5 22. a4 Qb4 23. Qc2 c5 24. Rab1 ({Don't go for} 24. Nxc5 $2 Rxd4 25. Nd3 Rxd3 $1 $19 {[%mdl 512]}) 24... Qxa4 25. dxc5 Qc6 26. Nc1 (26. Rfd1 $1 $14) 26... a4 $15 {[%mdl 1024] Black has compensation.} 27. Na2 {Strongly threatening Nb4.} a3 28. Nb4 Qa4 $1 29. Qa2 {[#]} Rdb8 $1 {[%cal Rb8b4]} 30. Nd5 (30. Nd3 $17) 30... Rb2+ $19 31. Rxb2 axb2 32. Qxa4 Rxa4 {KRB-KRN} 33. c6 Rc4 34. c7 {[#]} Rc2+ (34... Kf8 $1 $19 {and Black stays clearly on top. White must now prevent ...Rc1.} 35. Kf2 Bd4+ 36. Ke2 Rc1) 35. Rf2 $2 {[%mdl 8192]} (35. Kh3 $17 Kf8 36. f4) 35... b1=Q 36. Kh3 Bf8 {Accuracy: White = 40%, Black = 72%.} 0-1

[Event "World Team-ch Open 2019"]
[Site "Astana"]
[Date "2019.03.06"]
[Round "2.17"]
[White "Grandelius, Nils"]
[Black "Jumabayev, Rinat"]
[Result "1/2-1/2"]
[WhiteElo "2694"]
[BlackElo "2609"]
[Annotator "TA"]
[PlyCount "77"]
[EventDate "2019.02.05"]
[EventType "team-tourn"]
[EventCountry "KAZ"]
[SourceTitle "playchess.com"]
[Source "ChessBase"]
[SourceQuality "1"]
[WhiteTeam "Sweden"]
[BlackTeam "Kazakhstan"]
[WhiteTeamCountry "SWE"]
[BlackTeamCountry "KAZ"]

{[%evp 11,77,34,46,39,44,15,27,35,34,22,18,20,21,15,23,29,40,21,29,13,63,66,75,65,96,99,103,98,111,108,141,148,174,175,120,97,101,45,73,58,53,53,41,41,54,52,50,49,70,51,47,28,12,0,0,0,0,-23,-23,-23,-23,-24,-21,-21,-27,-29,0,-8]} 1. e4 e5 2. Nf3 Nc6 3. Bb5 g6 4. c3 a6 5. Ba4 Bg7 6. O-O d6 7. d4 {C60: Ruy Lopez: Unusual Black 3rd moves and 3...g6} exd4 (7... b5 8. Bb3 exd4 9. Nxd4 Bb7 10. Re1 Nge7 11. Nf3 O-O 12. Bg5 h6 13. Bh4 Na5 14. Bc2 Nc4 {1-0 (59) Sasikiran,K (2672)-Van Foreest,J (2624) Batumi 2018}) 8. Nxd4 Bd7 9. Nxc6 $146 {White has an edge.} ({Predecessor:} 9. Be3 Nf6 10. Nd2 b5 11. Bc2 Qe7 12. a4 O-O 13. Re1 Nxd4 14. Bxd4 {½-½ (49) Komarkova,M (2125)-Rustamov,Z Pardubice 2006}) 9... Bxc6 10. Bxc6+ bxc6 11. Re1 Ne7 12. Nd2 O-O 13. Nf3 c5 14. Bf4 Rb8 15. e5 {[%cal Re5d6]} d5 16. b3 Qd7 17. Qd2 Rfe8 18. Rad1 Rbd8 19. h3 Qc6 20. Bg5 Rd7 21. Qf4 Qe6 {[#]} 22. Bf6 $1 h6 (22... Nc6 $18 23. Ng5 Qf5 24. Qxf5 gxf5) 23. b4 g5 24. Qd2 ({Better is} 24. Qg3 $16) 24... Bxf6 $14 25. exf6 Qxf6 26. bxc5 Rdd8 27. Ne5 Nc6 28. Ng4 Rxe1+ 29. Rxe1 Qg6 30. f4 {fxg5 is the strong threat.} d4 31. f5 Qg7 32. cxd4 Qxd4+ 33. Qxd4 Nxd4 $11 {[%mdl 4096] Endgame KRN-KRN} 34. f6 Kh7 $1 35. Re7 {[#] Black must now prevent Ne5.} Kg6 {Threatens to win with ...Ne6.} 36. Rxc7 Ne6 37. Rc6 Rd1+ 38. Kh2 Rd5 39. Rxa6 {Accuracy: White = 73%, Black = 69%.} 1/2-1/2

[Event "World Team-ch Open 2019"]
[Site "Astana"]
[Date "2019.03.06"]
[Round "2.18"]
[White "Ismagambetov, Anuar"]
[Black "Tikkanen, Hans"]
[Result "1-0"]
[WhiteElo "2545"]
[BlackElo "2510"]
[Annotator "TA"]
[PlyCount "65"]
[EventDate "2019.02.05"]
[EventType "team-tourn"]
[EventCountry "KAZ"]
[SourceTitle "playchess.com"]
[Source "ChessBase"]
[SourceQuality "1"]
[WhiteTeam "Kazakhstan"]
[BlackTeam "Sweden"]
[WhiteTeamCountry "KAZ"]
[BlackTeamCountry "SWE"]

{[%evp 12,64,26,0,0,0,125,124,200,206,243,244,339,336,520,359,344,340,576,589,616,589,597,339,725,739,722,735,727,723,705,714,705,560,811,811,804,803,790,794,854,841,841,820,1709,1699,1695,1677,1632,1616,1603,1597,1511,1454,29999]} 1. e4 c6 2. Nc3 d5 3. Nf3 Bg4 4. h3 Bxf3 5. Qxf3 e6 6. d4 dxe4 7. Nxe4 Qxd4 {B11: Caro-Kann: Two Knights Variation} 8. Bg5 {aiming for Rd1.} (8. c3 Qd5 9. Bd3 Nd7 10. Qe2 Nc5 11. Bc2 Nxe4 12. Bxe4 Qd7 13. O-O Nf6 14. Bf3 Bd6 15. Rd1 {½-½ (30) Nepomniachtchi,I (2767)-Anand,V (2779) Doha 2016}) 8... f5 (8... Nd7 $1 $11 {keeps the balance.} 9. c3 Qe5) 9. Nd2 $16 {[%mdl 1024] White has strong compensation.} Nf6 {[#]} (9... Be7 $16 {is a better defense.}) 10. O-O-O $1 $18 {Threatens to win with Bc4.} Nbd7 {[#]} 11. Bc4 $1 {[%cal Rc4e6]} Nd5 12. Rhe1 Kf7 (12... Ne5 {keeps fighting.} 13. Qe2 Bd6 14. Bxd5 cxd5) 13. Re4 (13. Qe2 Re8 $16) 13... Qc5 $146 ({Predecessor:} 13... Qb6 14. Rde1 Be7 15. Rxe6 Bxg5 16. Qh5+ Kg8 17. Qxg5 h6 18. Re8+ Rxe8 19. Rxe8+ Nf8 20. Qxf5 {1-0 (20) Thorgeirsson,J (2298)-Halldorsson,B (2126) Reykjavik 2018}) 14. Rde1 h6 $2 (14... Be7 {was necessary.}) 15. Bh4 N7b6 16. Bb3 Qd6 {If Black can now play ...Re8 this consolidates a bit.} 17. g4 g6 $2 (17... Kg8) 18. Rxe6 Qxe6 19. Rxe6 Kxe6 20. gxf5+ gxf5 21. c4 Ne7 22. Bc2 Rg8 {[#]} 23. Bxf5+ $1 {[%mdl 576] Remove Defender} Nxf5 24. Qe4+ Kd6 25. Qxf5 Nd7 26. Qf4+ Ke6 27. Nf3 {[%cal Rf3d4]} Bc5 28. Qxh6+ Kf7 29. Qh7+ Ke6 30. Qe4+ Kd6 31. Qf4+ Ke6 {[#]} 32. b4 $1 {[%mdl 576] Deflection} Bxb4 33. Nd4# {Accuracy: White = 82%, Black = 27%.} 1-0

[Event "World Team-ch Open 2019"]
[Site "Astana"]
[Date "2019.03.06"]
[Round "2.19"]
[White "Blomqvist, Erik"]
[Black "Kazhgaleyev, Murtas"]
[Result "0-1"]
[WhiteElo "2488"]
[BlackElo "2587"]
[Annotator "TA"]
[PlyCount "76"]
[EventDate "2019.02.05"]
[EventType "team-tourn"]
[EventCountry "KAZ"]
[SourceTitle "playchess.com"]
[Source "ChessBase"]
[SourceQuality "1"]
[WhiteTeam "Sweden"]
[BlackTeam "Kazakhstan"]
[WhiteTeamCountry "SWE"]
[BlackTeamCountry "KAZ"]

{[%evp 14,76,0,-3,-6,-7,0,-83,-88,-78,-80,-80,-82,-73,-72,-70,-70,-66,-75,-80,-77,-97,-92,-90,-74,-88,-85,-122,-120,-155,-108,-107,-89,-95,-74,-90,-89,-97,-108,-117,-87,-111,-119,-160,-168,-173,-154,-147,-122,-241,-235,-262,-256,-322,-329,-321,-314,-314,-306,-299,-293,-542,-527,-1021,-1012]} 1. e4 e6 2. d4 d5 3. exd5 exd5 4. Nf3 Nf6 5. Bd3 c5 6. dxc5 Bxc5 7. O-O O-O 8. Bg5 h6 {C01: French: Exchange Variation} 9. Bh4 g5 10. Nxg5 (10. Bg3 $11 {remains equal.}) 10... hxg5 $17 {Black is better.} 11. Bxg5 Qd6 {White must now prevent ...Ng4.} 12. Qf3 {[#]} Ne4 $1 {[%cal Re4g5]} 13. Bxe4 dxe4 14. Qxe4 Qg6 15. Qh4 Nd7 16. Nc3 $146 f6 ({Don't blunder} 16... Qxc2 $2 17. Ne4 $18) 17. Bf4 b6 18. Rad1 {aiming for Rd3.} Bb7 {[%csl Gb7][%cal Rg6g2]} 19. Bg3 Rf7 20. b4 Bf8 21. Rd4 Rh7 22. Qf4 Qg5 (22... f5 {keeps more tension.} 23. Nd5 Re8 24. Qf3 Nf6 25. Nf4 Qf7) 23. Qxg5+ fxg5 24. Rfd1 Re8 $40 {[%mdl 128] Black goes for the king.} 25. h3 Nf6 26. a4 Nh5 27. Bh2 Rg7 28. Kf1 Rc8 29. Nd5 Bxd5 30. Rxd5 Rxc2 31. h4 (31. Rf5 $17) 31... Bxb4 $19 32. hxg5 {intending g6!} Bc5 33. Rf5 Rf7 34. Rd8+ Kg7 35. Be5+ Kg6 36. Rxf7 Kxf7 37. g4 $2 {[#]} (37. Bd6) 37... Nf4 $1 {[%mdl 512]} 38. Ke1 (38. Bxf4 Rxf2+) 38... Re2+ {[%mdl 64] Double Attack. Accuracy: White = 39%, Black = 98%.} 0-1